Catecismo católico para adultos (Record no. 172046)

MARC details
000 -LEADER
campo de control de longitud fija 01154nam a2200265 i 4500
001 - NÚMERO DE CONTROL
campo de control 172046
003 - IDENTIFICADOR DE NÚMERO DE CONTROL
campo de control ES-MaACL
005 - FECHA Y HORA DE LA ÚLTIMA TRANSACCIÓN
campo de control 20250830024640.0
008 - DATOS DE LONGITUD FIJA--INFORMACIÓN GENERAL
campo de control de longitud fija 090612s1990 sp |||| | spa d
017 ## - NÚMERO DE COPYRIGHT O DE DEPÓSITO LEGAL
Número de copyright o de depósito legal M 11940-1990
020 ## - NÚMERO INTERNACIONAL ESTÁNDAR DEL LIBRO
Número Internacional Estándar del Libro 84-220-1340-1
245 00 - MENCIÓN DEL TÍTULO
Título Catecismo católico para adultos
Resto del título : la fe de la Iglesia /
Mención de responsabilidad, etc. texto publicado por la Conferencia Episcopal Alemana ; presentación de José Manuel Estepa Llaurens ; [traducción por Eloy Rodríguez Navarro ; revisión técnica a cargo de Bartolomé Parera].
250 ## - MENCION DE EDICION
Mención de edición 3ª ed.
260 ## - PUBLICACIÓN, DISTRIBUCIÓN, ETC.
Lugar de publicación, distribución, etc. Madrid :
Nombre del editor, distribuidor, etc. Biblioteca de Autores Cristianos,
Fecha de publicación, distribución, etc. 1990.
300 ## - DESCRIPCIÓN FÍSICA
Extensión XX, 499 p. ;
Dimensiones 20 cm.
490 1# - MENCIÓN DE SERIE
Mención de serie Biblioteca de autores cristianos ;
Designación de volumen o secuencia 500
594 ## - Nota al título y mención de responsabilidad
Nota al título y mención de responsabilidad Traducción de : Katholischer Erwachsenen Katechismus, das Glaubenbekenntnis der Kirche.
700 0# - ENTRADA AGREGADA--NOMBRE PERSONAL
Nombre de persona Estepa Llaurens, José Manuel.
9 (RLIN) 48112
700 0# - ENTRADA AGREGADA--NOMBRE PERSONAL
Nombre de persona Rodríguez Navarro, Eloy.
9 (RLIN) 98696
700 0# - ENTRADA AGREGADA--NOMBRE PERSONAL
Nombre de persona Parera Galmes, Bartolomé.
9 (RLIN) 89096
710 2# - ENTRADA AGREGADA--NOMBRE DE ENTIDAD CORPORATIVA
Nombre de entidad corporativa o nombre de jurisdicción como elemento de entrada Deutsche Bischofskonferenz
9 (RLIN) 140651
830 00 - PUNTO DE ACCESO ADICIONAL DE SERIE-TÍTULO UNIFORME
Título uniforme Biblioteca de autores cristianos
Designación de volumen o secuencia 500
9 (RLIN) 178679
852 ## - LOCALIZACIÓN
Ubicación ES-MaACL
Número de control de estantería J-487
itemnumber R.46092
Holdings
Estatus retirado Estado de pérdida Estado de daño No para préstamo Biblioteca de origen Biblioteca actual Ubicación en estantería Fecha de adquisición Fuente de adquisición Total de préstamos Signatura topográfica completa Código de barras Visto por última vez Precio de reemplazo Tipo de ítem Koha
        Biblioteca del Ateneo de Madrid Biblioteca del Ateneo de Madrid Depósito 2 12/06/2009     J-487 1180551 23/02/2023 23/02/2023 Libro impreso